La Cour de Louis XIV (Record no. 5816)
[ view plain ]
| 000 -CABECERA | |
|---|---|
| campo de control de longitud fija | 00694nam a2200229 a 4500 |
| 001 - NÚMERO DE CONTROL | |
| campo de control | BRCA_6129 |
| 005 - FECHA Y HORA DE LA ÚLTIMA TRANSACCIÓN | |
| campo de control | 20190320205338.0 |
| 008 - DATOS DE LONGITUD FIJA--INFORMACIÓN GENERAL | |
| campo de control de longitud fija | 040711s1911----fr-a######---#000-0#fre-# |
| 041 ## - CÓDIGO DE LENGUA | |
| Código de lengua del texto/banda sonora o título independiente | fre |
| 044 ## - CÓDIGO DEL PAÍS DE LA ENTIDAD EDITORA/PRODUCTORA | |
| Código MARC del país | fr |
| 050 #4 - SIGNATURA TOPOGRÁFICA DE LA BIBLIOTECA DEL CONGRESO | |
| Número de clasificación | DC130 .S2 |
| Número de documento/Ítem | .S35 1911 |
| 100 1# - ENTRADA PRINCIPAL--NOMBRE DE PERSONA | |
| Nombre de persona | Saint-Simon, Louis de Rouvroy, duc de |
| Títulos y otros términos asociados al nombre | 1675-1755 |
| 9 (RLIN) | 15462 |
| 245 10 - MENCIÓN DE TÍTULO | |
| Título | La Cour de Louis XIV |
| Mención de responsabilidad, etc. | Duc de Saint-Simon ; introduction par Charles Sarolea. |
| 260 ## - PUBLICACIÓN, DISTRIBUCIÓN, ETC. | |
| Lugar de publicación, distribución, etc. | París |
| Nombre del editor, distribuidor, etc. | Nelson |
| Fecha de publicación, distribución, etc. | 1911 |
| 300 ## - DESCRIPCIÓN FÍSICA | |
| Extensión | 574 p. |
| Otras características físicas | il. |
| Dimensiones | 16 cm. |
| 500 ## - NOTA GENERAL | |
| Nota general | I34 |
| 651 #4 - PUNTO DE ACCESO ADICIONAL DE MATERIA--NOMBRE GEOGRÁFICO | |
| Nombre geográfico | Francia |
| Subdivisión general | Historia |
| Subdivisión cronológica | Luis XIV, 1643-1715 |
| 9 (RLIN) | 15463 |
| 651 #4 - PUNTO DE ACCESO ADICIONAL DE MATERIA--NOMBRE GEOGRÁFICO | |
| Nombre geográfico | Francia |
| Subdivisión general | Corte y Cortesanos. |
| 9 (RLIN) | 15464 |
| 710 2# - PUNTO DE ACCESO ADICIONAL--NOMBRE DE ENTIDAD CORPORATIVA | |
| Nombre de entidad corporativa o nombre de jurisdicción como elemento de entrada | Sarolea, Charles. |
| Término indicativo de función/relación | ed. |
| 9 (RLIN) | 15465 |
| 902 ## - CATALOGADOR | |
| Iniciales | GFM |
| 942 ## - ELEMENTOS DE PUNTO DE ACCESO ADICIONAL (KOHA) | |
| Fuente del sistema de clasificación o colocación | Library of Congress Classification |
| Tipo de ítem Koha | Libros |
| Estado de retiro | Estado de pérdida | Estado dañado | No para préstamo | Localización permanente | Ubicación/localización actual | Fecha de adquisición | Número de inventario | Total de préstamos | Signatura topográfica completa | Código de barras | Fecha visto por última vez | Precio válido a partir de | Tipo de ítem Koha |
|---|---|---|---|---|---|---|---|---|---|---|---|---|---|
| El ejemplar forma parte de la colección y puede ser consultado según las políticas vigentes. | Biblioteca del Museo Franz Mayer (Rogerio Casas-Alatriste) | Biblioteca del Museo Franz Mayer (Rogerio Casas-Alatriste) | 04/07/2011 | I34 | DC130 .S2 .S35 1911 (I34) | 6568 | 22/03/2019 | 22/03/2019 | Libros |